Dr. Somogyi Szilveszter
Elmentve itt :
| Dokumentumtípus: | Cikk |
|---|---|
| Megjelent: |
1934-05-13
|
| Sorozat: | Délmagyarország
10 No. 107 |
| Kulcsszavak: | Somogyi Szilveszter, Gyászjelentés Szeged 1934 |
| Online Access: | http://dmarchiv.bibl.u-szeged.hu/39754 |
| LEADER | 00427nab a2200145 i 4500 | ||
|---|---|---|---|
| 001 | delm39754 | ||
| 005 | 20180927130041.0 | ||
| 008 | 180927s1934 hu o 0|| hun d | ||
| 040 | |a SZTE Délmagyarország Archívum |b hun | ||
| 041 | |a hun | ||
| 245 | 0 | 0 | |a Dr. Somogyi Szilveszter |h [elektronikus dokumentum] |
| 260 | |c 1934-05-13 | ||
| 300 | |a 6 | ||
| 490 | 0 | |a Délmagyarország |v 10 No. 107 | |
| 695 | |a Somogyi Szilveszter, Gyászjelentés Szeged 1934 | ||